000
00333pab a2200145 454500
008
180718b1997 xxu||||| |||| 00| 0 eng d
100
_a
Jagmohan
245
_a
Contemporary terrorism: India's diffident response
260
_c
1997
300
_a
p.8
362
_a
6 Nov
650
_a
Violence
773
_a
Tribune
909
_a
36480
999
_c
36480
_d
36480